Reuniones y cursos de verano de la Estación de Estudios Pirenaicos / Consejo Superior de Investigaciones Científicas
Descripción Física:
24 p. ; 19 cm
Materias:
Estación de Estudios Pirenaicos
MARC
| LEADER | 00000nam a2200000Ia 4500 | ||
|---|---|---|---|
| 001 | 18501 | ||
| 008 | 160829s1947 xx 000 0 cat d | ||
| 080 | |a FU-51-9 | ||
| 100 | |a Consejo Superior de Investigaciones Científicas. Estación de Estudios Pirenaicos |9 47250 | ||
| 245 | |a Reuniones y cursos de verano de la Estación de Estudios Pirenaicos / Consejo Superior de Investigaciones Científicas | ||
| 260 | |a Zaragoza : |b Imprenta y fotograbado Heraldo de Aragón, |c 1947 | ||
| 300 | |a 24 p. ; |c 19 cm | ||
| 590 | |a Prové de S-441 | ||
| 650 | |a Estación de Estudios Pirenaicos |9 47251 | ||
| 856 | 4 | |u https://media.diba.cat/diba/fitxers/arxiu/fulletons/bib_18501_1947_baixa.pdf |y Accés lliure | |
| 856 | 4 | |u https://media.diba.cat/diba/fitxers/arxiu/fulletons/bib_18501_1947_baixa.pdf |y Accés lliure | |
| 901 | |a Arxiu | ||
| 942 | |n 1 |2 udc | ||
| 952 | |0 0 |1 0 |4 0 |6 FU519 |7 1 |9 53776 |a Arxiu |b Arxiu |d 2016-12-01 |l 0 |o FU-51-9 |p 18501 |r 2016-12-01 00:00:00 |w 2016-12-01 |y ARXIU | ||
| 999 | |c 57642 |d 57642 | ||
| 900 | |a bib_18501_1947_baixa.pdf | ||